[Event "DSOL 07 Liga Gr-B 1st"]
[Site "Playchess.com INT"]
[Date "2020.07.23"]
[Round "5.2"]
[White "Bernath, Markus"]
[Black "Fronk, Andre"]
[Result "1-0"]
[WhiteElo "1462"]
[BlackElo "1330"]
[PlyCount "77"]
[EventDate "2020.06.22"]
[EventType "team-tourn (rapid)"]
[EventCountry "GER"]
[SourceTitle "EXT 2021"]
[Source "ChessBase"]
[SourceDate "2020.10.23"]
[SourceVersion "1"]
[SourceVersionDate "2020.10.23"]
[SourceQuality "1"]
[WhiteTeam "Heuchelheim"]
[BlackTeam "Loehne SG"]
[WhiteTeamCountry "GER"]
[BlackTeamCountry "GER"]

1. e4 e5 2. Nf3 Nc6 3. Bc4 h6 4. Nc3 Nge7 5. d4 exd4 6. Nxd4 Ne5 7. Bb3 d6 8. Bf4 N7g6 9. Bg3 Qg5 10. Nd5 Kd8 11. f4 Nxf4 12. Bxf4 Qxg2 13. Rf1 Qxe4+ 14. Ne3 c6 15. Qd2 Bg4 16. Bxe5 Qxe5 17. c3 Be7 18. Nf3 Bxf3 19. Rxf3 Bh4+ 20. Kd1 f6 21. Ng4 Qe4 22. Qxd6+ Kc8 23. Be6+ Qxe6 24. Qxe6+ Kc7 25. Rd3 Rhe8 26. Qd6+ Kb6 27. Kc2 a6 28. Rad1 a5 29. Qd4+ Kb5 30. a4+ Ka6 31. Ne3 Bf2 32. Qc4+ Ka7 33. Nf5 Re5 34. Nd6 Rf8 35. Nxb7 Kxb7 36. Rd7+ Kb6 37. b4 Rfe8 38. bxa5+ Rxa5 39. Rb1+ 1-0

[Event "DSOL 07 Liga Gr-B 1st"]
[Site "Playchess.com INT"]
[Date "2020.06.26"]
[Round "1.3"]
[White "Voigt, Juergen"]
[Black "Fronk, Andre"]
[Result "1-0"]
[WhiteElo "1234"]
[BlackElo "1330"]
[PlyCount "93"]
[EventDate "2020.06.22"]
[EventType "team-tourn (rapid)"]
[EventCountry "GER"]
[SourceTitle "EXT 2021"]
[Source "ChessBase"]
[SourceDate "2020.10.23"]
[SourceVersion "1"]
[SourceVersionDate "2020.10.23"]
[SourceQuality "1"]
[WhiteTeam "Stadtilm Blau Weiss"]
[BlackTeam "Loehne SG"]
[WhiteTeamCountry "GER"]
[BlackTeamCountry "GER"]

1. d4 d5 2. c4 c6 3. e3 Nf6 4. Nc3 e6 5. Nf3 Ne4 6. Nxe4 dxe4 7. Nd2 Bb4 8. a3 Bxd2+ 9. Bxd2 0-0 10. c5 Re8 11. b4 e5 12. Bc3 exd4 13. Qxd4 Qxd4 14. Bxd4 Be6 15. Be2 Nd7 16. 0-0 Bd5 17. Rfc1 a6 18. Bg4 Ne5 19. Bxe5 Rxe5 20. Be2 h5 21. Bc4 Rd8 22. Bxd5 Rexd5 23. Kf1 h4 24. h3 Rd2 25. Ke1 R2d3 26. Rd1 f5 27. a4 R8d5 28. Rab1 a5 29. Rxd3 exd3 30. Kd2 axb4 31. Rxb4 Rxc5 32. Rxb7 Rc2+ 33. Kxd3 Rxf2 34. Rc7 Rxg2 35. Rxc6 Ra2 36. Rc4 Ra3+ 37. Ke2 g5 38. Rc5 Rxa4 39. Rxf5 Kh7 40. Rxg5 Kh6 41. Rg4 Rxg4 42. hxg4 Kg5 43. Kf3 Kf6 44. Kg2 Kg5 45. Kh3 Kf6 46. Kxh4 Ke5 47. Kh5 1-0